Neocolonialismo: formas y métodos /
保存先:
| 第一著者: | |
|---|---|
| フォーマット: | テキスト |
| タグ: |
タグ追加
タグなし, このレコードへの初めてのタグを付けませんか!
|
MARC
| LEADER | 00000 a a2200000 04500 | ||
|---|---|---|---|
| 001 | 3197 | ||
| 003 | |||
| 040 | |||
| 100 | |a Ulianovski, Rostislav | ||
| 245 | |a Neocolonialismo: |b formas y métodos / |c Rostislav Ulianovski | ||
| 773 | |g número 4; páginas 151-163 | ||
| 999 | |c 36527 |d 36527 | ||
